| 000 | 00546nam a22001337a 4500 | ||
|---|---|---|---|
| 008 | 230622b |||||||| |||| 00| 0 eng d | ||
| 040 |
_aNational Science Library _cNational Science Library |
||
| 080 |
_a628.11(082.2) _bP2 |
||
| 245 |
_aNational conference on water resources development & management _c/ Organised by Civil Engineering Department Birla Institute of Technology Mesra, Ranchi held on 9-10 February, 2002 |
||
| 260 |
_aJharkhand: _bBirla Institute of Technology, _c2002 |
||
| 300 | _a172p. | ||
| 650 | _aConference | ||
| 942 |
_2udc _cPR |
||
| 999 |
_c46407 _d46407 |
||